| 000 | 00634nam a22001817a 4500 | ||
|---|---|---|---|
| 005 | 20251108164908.0 | ||
| 008 | 250721s9999 xx 000 0 ara d | ||
| 082 | 1 | 4 | _a629.2273/هير |
| 100 | 1 |
_aهيرمان، سيجفريد _eتاليف |
|
| 245 | 1 | 0 | _aهندسة الموتوسيكلات / |
| 264 | 1 |
_aالقاهرة : _bمؤسسة الاهرام، _c[19-]. |
|
| 300 | _a206ص.: مصور : مصطلحات فنية | ||
| 490 | 0 | _aسلسلة الأسس التكنولوجية | |
| 650 | 1 | 7 | _aالدراجات النارية |
| 700 | 1 |
_aنصار، محمد عبد المجيد _eترجمة |
|
| 942 |
_2ddc _cBK |
||
| 999 |
_c16912 _d16912 |
||